Classic Motorbikes ; (Record no. 57953)
[ view plain ]
| 000 -LEADER | |
|---|---|
| fixed length control field | 00842nam a22002057a 4500 |
| 005 - DATE AND TIME OF LATEST TRANSACTION | |
| control field | 2011110205435.0 |
| 010 ## - LCCN (DPL NO) | |
| LC control number | B-444521 |
| 020 ## - INTERNATIONAL STANDARD BOOK NUMBER | |
| International Standard Book Number | 9781405486613 |
| 035 ## - SYSTEM CONTROL NUMBER | |
| System control number | B-444521 |
| 037 ## - SOURCE OF ACQUISITION | |
| Source of stock number/acquisition | Blue Berry/Ven |
| Stock number | DPL |
| 082 ## - DEWEY DECIMAL CLASSIFICATION NUMBER | |
| Classification number | 629.2275 |
| 100 ## - MAIN ENTRY--PERSONAL NAME | |
| Personal name | Brown, Roland |
| 245 ## - TITLE STATEMENT | |
| Title | Classic Motorbikes ; |
| Statement of responsibility, etc | by Roland Brown |
| Remainder of title | The world's Greatest Models/ |
| 260 ## - PUBLICATION, DISTRIBUTION, ETC. (IMPRINT) | |
| Place of publication, distribution, etc | Bath |
| Name of publisher, distributor, etc | Parragon Books |
| Date of publication, distribution, etc | 2007 |
| 270 ## - ADDRESS | |
| Address | Queen Street House, 4 Queen Street Bath BAI IHE |
| City | U.K. |
| 300 ## - PHYSICAL DESCRIPTION | |
| Extent | 192p. |
| Dimensions | 30cm. |
| 942 ## - ADDED ENTRY ELEMENTS (KOHA) | |
| Source of classification or shelving scheme | Dewey Decimal Classification |
| Item type | English Books |
| Call number suffix | BRO |
| Classification part | 629.2275 |
| Withdrawn status | Lost status | Not for loan | Collection code | Home library | Current library | Date acquired | Source of acquisition | Cost, normal purchase price | Full call number | Barcode | Copy number | Cost, replacement price | Koha item type |
|---|---|---|---|---|---|---|---|---|---|---|---|---|---|
| Not For Loan | Reference | Central Library | Central Library | 19/12/2011 | Blueberry /7042/29.9.2011/83/21.3.2011/12.10.2011 | 795.00 | 629.2275 BRO | B-444521 | 1 | 795.00 | English Books | ||
| D.B.Act.Division | D.B.Act.Division | 13/09/2017 | 629.2275 BRO | Children Books |
